000 00222nam a2200097Ia 4500
008 230508s1985 xx 000 0 und d
041 _aeng
100 _aSTREETER V.L. B. WYLIE
245 _aFLUID MECHANICS
260 _c1985
999 _c737183
_d737183